00351nam a22001577a 4500003000500000020001900005038001200024082001500036100002000051245002400071250001200095260003700107300002000144500001500164563001400179NUST a 9788130915456 akhadija a519.3bDIX aDixit, Avinash. aGAMES OF STRATEGY / a3rd ed. aNew Delhi : bViva Books,c2012. a794 p. ;b24 cm aPaperback. apaperback